00971nam a22002657a 4500003000400000008004100004020001800045082001700063245012700080260003700207300001100244650003900255650004000294650006700334700002300401700001700424700001700441700001800458700001900476700001600495700001700511942001200528999001700540952014800557OSt260624b |||||||| |||| 00| 0 eng d a9788170196266 a632.96bK45B aBio-Intensive Approaches:bApplication and Effectiveness in plant Nematodes, Insects and WeedscEditers- Khan, Mujeebur R. aNew DelhibTTPP, New Delhic2019 a678 p. aPlant diseases Biological control. aSustainable agriculture Evaluation. aPlant diseases, Prevention and control, Environmental aspects. aMukhopadhyay, A.N. aPandey, R.N. aThakur, M.P. aSingh, Dinesh aSiddiqui, M.A. aMd. Akram,  aHaque, Ziaul 2ddccBK c52278d52278 00102ddc4070aRAUbRAUcGENd2026-06-24eTTPP, New DelhifINRg5995.00l0o632.96 K45Bp87492r2026-06-24w2026-01-29yBKkInvoice- IN-00449